[Event "Jacques Jaudran mem-A corr"]
[Site "France AJEC"]
[Date "2002.09.15"]
[Round "?"]
[White "Mascarenhas, Alberto Pinheiro"]
[Black "Oesterman, Georg"]
[Result "1/2-1/2"]
[WhiteElo "2504"]
[BlackElo "2556"]
[PlyCount "39"]
[EventDate "2002.09.15"]
[EventType "tourn (corr)"]
[EventRounds "12"]
[EventCountry "FRA"]
[SourceTitle "Corr 2011"]
[Source "ChessBase"]
[SourceDate "2010.08.31"]
[SourceVersion "1"]
[SourceVersionDate "2010.08.31"]
[SourceQuality "1"]

1. d4 Nf6 2. c4 e6 3. Nf3 b6 4. g3 Ba6 5. b3 Bb4+ 6. Bd2 Be7 7. Bg2 c6 8. Bc3 d5 9. Ne5 Nfd7 10. Nxd7 Nxd7 11. Nd2 0-0 12. 0-0 Nf6 13. e4 b5 14. Re1 dxe4 15. Qc2 Rb8 16. Rad1 Qc8 17. Ba1 Bb4 18. Bc3 Be7 19. Ba1 Bb4 20. Bc3 1/2-1/2